000 01515nam a2200397 a 4500
001 000111394
003 CHAP
005 20220329144209.0
008 150407s2015 mx a fsm |||||||spa d
010 _a107856
011 _a108828
040 _cCHAP
090 _aTesis
100 1 _aChávez Segura, Pío Giovanni.
_922064
245 1 0 _aEtnoagronomía del Tlacolole
_h[En línea]
_bepistemología, diálogo de saberes y kualtsin chicahualistle en la región centro- montaña de Guerrero /
_cpor Pio Giovanni Chávez Segura.
260 _aChapingo, Méx. :
_bEl autor,
_c2015.
500 _aPara ver el contenido del material haga clic en la liga
502 _aTesis (M.C. en Desarrollo Rural Regional) -- UACH. Dirección de Centros Regionales Universitarios
590 _aBATCH-UPD
_b10
_c20180201
_lUCH01
_h0908
590 _aBATCH-UPD
_b10
_c20180201
_lUCH01
_h0909
590 _aBATCH
_b00
_c20181121
_lUCH01
_h0759
590 _aE11695DGD
_b10
_c20150414
_lUCH01
_h1349
590 _aE5995AHE
_b05
_c20150407
_lUCH01
_h0949
590 _aE5995AHE
_b05
_c20150407
_lUCH01
_h0950
590 _aE5995AHE
_b05
_c20150414
_lUCH01
_h1309
650 1 4 _aAgroforestería
_zGuerrero.
_92178
650 1 4 _aBosques
_xGuerrero.
_914201
650 1 4 _aCultivos asociados.
_930370
650 1 4 _aMaíz
_zGuerrero.
_971092
650 1 4 _aSistemas de producción.
_9106767
856 _a1
_n0001585
856 _aFinding aid
_uhttp://10.13.5.2/tesis/sist111394.pdf
_zTeclea aquí
901 _aBK
942 _cTESIS
942 _n0
999 _c107856
_d107856